Deutsche Songs mit Tieren im Titel - Statistiken

Allgemein
  • Dieses Quiz wurde 1.898 mal gespielt
  • Das Durchschnittsergebnis liegt bei 10 aus 20
Antwortstatistiken
Interpret Songtitel % Korrekt
Karel Gott Die {Biene} Maja
98%
Die Ärzte Männer sind {Schweine}
96%
Schnappi Schnappi, das kleine {Krokodil}
95%
Stefan Raab Hier kommt die {Maus}
85%
Stephan Remmler {Vogel} der Nacht
66%
Wolfgang Petry Weiß der {Geier}
63%
Beginner Gustav {Gans}
61%
Chris Roberts Mein Name ist {Hase}
57%
Marteria Bengalische {Tiger}
54%
K.I.Z. Ein {Affe} und ein Pferd
54%
Rammstein {Hai}fisch
50%
Das Lumpenpack {Pferde} stehlen
47%
Hans Hartz Die weißen {Tauben} sind müde
38%
Pur {Adler} sollen fliegen
27%
Die Ärzte Claudia hat nen {Schäferhund}
25%
Tomte Der letzte große {Wal}
21%
Wums Gesang Ich wünsch mir ne kleine M{iezekatze}
21%
Grauzone E{isbär}
20%
Joris Im S{chnecken}haus
19%
Turbostaat H{aubentaucher}welpen
2%
Keine übereinstimmenden Quizze gefunden
Verteilung der Resultate
Anzahl Personen mit jedem Resultat
Perzentil nach korrekt beantworteten Fragen
Ihre Resultats-Entwicklung
Sie haben dieses Quiz noch nicht gespielt